Leaders and battles : (Record no. 185142)
[ view plain ]
| 000 -LEADER | |
|---|---|
| fixed length control field | 00671 a2200205 4500 |
| 003 - CONTROL NUMBER IDENTIFIER | |
| control field | NUST |
| 005 - DATE AND TIME OF LATEST TRANSACTION | |
| control field | 20221223142148.0 |
| 010 ## - LIBRARY OF CONGRESS CONTROL NUMBER | |
| LC control number | 84006905 |
| 020 ## - INTERNATIONAL STANDARD BOOK NUMBER | |
| International Standard Book Number | 8170622697: |
| 040 ## - CATALOGING SOURCE | |
| Transcribing agency | Nust |
| 082 00 - DEWEY DECIMAL CLASSIFICATION NUMBER | |
| Classification number | 355,WOO |
| 100 1# - MAIN ENTRY--PERSONAL NAME | |
| Personal name | Wood, W. J. |
| 9 (RLIN) | 76910 |
| 245 10 - TITLE STATEMENT | |
| Title | Leaders and battles : |
| Remainder of title | the art of military leadership / |
| Statement of responsibility, etc. | W.J. Wood. |
| 260 ## - PUBLICATION, DISTRIBUTION, ETC. | |
| Place of publication, distribution, etc. | Novato, CA. : |
| Name of publisher, distributor, etc. | Presidio Press, |
| Date of publication, distribution, etc. | c1984. |
| 300 ## - PHYSICAL DESCRIPTION | |
| Extent | vi, 337 p. : |
| Other physical details | ill. ; |
| Dimensions | 24 cm. |
| 505 ## - FORMATTED CONTENTS NOTE | |
| Formatted contents note | Part-1: Courage (Page-33), Part-2: Will (Page-88), Part-3: Intellect (Page-149), Part-4: Presence (Page-239), Part-5: Energy (Page-272). |
| 650 #0 - SUBJECT ADDED ENTRY--TOPICAL TERM | |
| Topical term or geographic name entry element | Leadership. |
| 650 #0 - SUBJECT ADDED ENTRY--TOPICAL TERM | |
| Topical term or geographic name entry element | Military history. |
| 942 ## - ADDED ENTRY ELEMENTS (KOHA) | |
| Source of classification or shelving scheme | |
| Koha item type | Book |
| Call number prefix | 355,WOO |
| Withdrawn status | Lost status | Source of classification or shelving scheme | Damaged status | Not for loan | Permanent Location | Current Location | Shelving location | Date acquired | Full call number | Barcode | Date last seen | Price effective from | Koha item type | Public note |
|---|---|---|---|---|---|---|---|---|---|---|---|---|---|---|
| Military College of Signals (MCS) | Military College of Signals (MCS) | General Stacks | 12/12/2016 | 355,WOO | MCS27604 | 12/08/2016 | 12/12/2016 | Book | Almirah No.51, Shelf No.2 |
